| 000 | 01230nam a2200301Ia 4500 | ||
|---|---|---|---|
| 005 | 20220317001051.0 | ||
| 008 | 160825s1995 ag a g 000 0 spa | ||
| 020 | _a9508100478 (obra completa) | ||
| 082 | 0 | 4 | _aR 503 E51e |
| 245 | 1 | 0 |
_aEnciclopedia de ciencias naturales, medio ambiente y ecologia _cdirector editorial Gustavo Cositorto |
| 250 | _a1a. edición | ||
| 300 |
_a3 volúmenes _bilustraciones en color _c29 cm |
||
| 505 | _avolumen 1. Astronomía; Geología; Zoología -- volumen 2. Botánica; Micro organismos; Cuerpo humano -- volumen 3. Genética; Ecología; Colombia medio ambiente y ecología | ||
| 650 | 1 | 4 |
_2LEMB _aAstronomía _vDiccionarios |
| 650 | 1 | 4 |
_2LEMB _aCiencia _vDiccionarios |
| 650 | 1 | 4 |
_2LEMB _aGeología _vDiccionarios |
| 650 | 1 | 4 |
_2LEMB _aZoología _vDiccionarios |
| 650 | 1 | 4 |
_2LEMB _aBotánica _vDiccionarios |
| 650 | 1 | 4 |
_2LEMB _aMicroorganismos _vDiccionarios |
| 650 | 1 | 4 |
_2LEMB _aCuerpo humano _vDiccionarios |
| 650 | 1 | 4 |
_2LEMB _aGenética _vDiccionarios |
| 942 |
_2ddc _cREF |
||
| 264 |
_aBuenos Aires _bOriente _c1995 |
||
| 336 |
_atexto _btxt _2rdacontent |
||
| 337 |
_asin mediación _bn _2rdamedia |
||
| 338 |
_avolumen _bnc _2rdacarrier |
||
| 040 |
_aCO-BoRNBP _bspa _erda _cCO-BoRNBP |
||
| 999 |
_c5836 _d5836 |
||